Дело о перемещении на службу в департамент столоначальника канцелярии Новороссийского и Бессарабского генерал-губернатора, титул...

Доступно только в Электронных читальных залах Найти на картеНа карте
RUSMARC
00003782nmc2a22000003x 450
0016c61a6c4-9bf7-46ca-bc78-dbef83495e65
00520210317014540.0
100##$a20181214l18671877k l0rusy0189 ca
1010#$arus
102##$aRU
2001#$aДело о перемещении на службу в департамент столоначальника канцелярии Новороссийского и Бессарабского генерал-губернатора, титулярного советника Багинского
$j11 июля 1867 г. - 30 ноября 1877 г.
251##$cДело
300##$aПо части секретаря
801#0$aRU
$bРГИА
$c20181214
$gRCR
801#1$aRU
$bГлавНИВЦ
$c20181214
$2rusmarc
801#2$aRU
$bПБ им. Б.Н. Ельцина
$c20210317
$gRCR
$2rusmarc
850##$aРГИА
852##$aРГИА
$eФедеральное казенное учреждение "Российский государственный исторический архив" (РГИА)
$j1451
937##$hРГИА
$d12296581
$aASBIBLIO_SCAN
462#0$100191353b96-cc3d-4f24-9eeb-3bfef1665a95
$12001
$aДела Департамента полиции исполнительной МВД за 1867 год
$1251
$cОпись
$1852
$j28
$l1867 г.
461#0$10013e300ed0-cd39-49af-8489-5ba5b90fa401
$12001
$aДепартамент полиции исполнительной МВД
$1251
$cФонд
$1852
$j1286
215##$a66 л.
$d36,5х26 см
371##$aДокумент не является опубликованным и широко распространяемым
105##$ay###
1222#$ad
035##$a6c61a6c4-9bf7-46ca-bc78-dbef83495e65
856##$uhttp://readingroom.main.prlib.ru/item.aspx?id_node=n158965330&mode=full
Формат отображения